|
|
|
|
| LEADER |
01884nam a2200457 a 4500 |
| 001 |
000727174 |
| 003 |
CZ BrMZK |
| 005 |
20090918110906.0 |
| 007 |
ta |
| 008 |
040803s2004 xr a ar 000 0 cze d |
| 015 |
|
|
|a cnb001315826
|
| 020 |
|
|
|a 80-7200-892-7
|q (váz.)
|
| 035 |
|
|
|a (OCoLC)85107200
|
| 040 |
|
|
|a BOA001
|b cze
|
| 041 |
1 |
|
|a cze
|h eng
|
| 072 |
|
7 |
|a 821-93
|x Literatura pro děti a mládež (beletrie)
|2 Konspekt
|9 26
|
| 072 |
|
7 |
|a 74
|x Kresba. Umělecká řemesla
|2 Konspekt
|9 21
|
| 080 |
|
|
|a 745.54
|2 MRF
|
| 080 |
|
|
|a 821-93
|2 MRF
|
| 080 |
|
|
|a (0.053.2)
|2 MRF
|
| 100 |
1 |
|
|a Gibson, Ray
|7 ola2004219940
|4 aut
|
| 245 |
1 |
0 |
|a Učíme se stříhat a lepit /
|c napsal Ray Gibson ; grafická úprava Amanda Barlowová ; ilustrace Michaela Kennardová ; fotografie Howard Allman a Ray Moller ; na přípravě knížky spolupracovala Jenny Tylerová ; [překlad Petra Klůfová]
|
| 250 |
|
|
|a 1. vyd.
|
| 260 |
|
|
|a Havlíčkův Brod :
|b Fragment,
|c 2004
|
| 300 |
|
|
|a 30 s. :
|b barev. il. ;
|c 22 cm
|
| 490 |
1 |
|
|a Krok za krokem
|
| 500 |
|
|
|a Přeloženo z angličtiny
|
| 500 |
|
|
|a Dostupné též v digitální podobě v aplikaci Kramerius
|
| 650 |
0 |
7 |
|a výtvarné práce z papíru
|7 ph135229
|2 czenas
|
| 650 |
0 |
7 |
|a vystřihovánky
|7 ph127291
|2 czenas
|
| 655 |
|
7 |
|a příručky
|7 fd133209
|2 czenas
|
| 655 |
|
7 |
|a publikace pro děti
|7 fd133156
|2 czenas
|
| 700 |
1 |
|
|a Kennard, Michaela
|7 xx0028766
|4 ill
|
| 700 |
1 |
|
|a Allman, Howard
|7 ola20040302001
|4 pht
|
| 700 |
1 |
|
|a Moller, Ray
|7 mzk2007377528
|4 pht
|
| 700 |
1 |
|
|a Tyler, Jenny
|7 mzk2010474128
|4 aut
|
| 830 |
|
0 |
|a Krok za krokem (Fragment)
|0 s
|
| 856 |
4 |
1 |
|u http://www.digitalniknihovna.cz/mzk/uuid/uuid:deb9aab0-703b-11e6-81ec-005056827e51
|y Digitalizovaný dokument
|x NDK
|
| 910 |
|
|
|a BOA001
|b 2-1138.790
|
| 990 |
|
|
|a BK
|
| 996 |
6 |
|
|b 2610226040
|c 2-1138.790
|l MZK
|r Sklad / do 1 hodiny
|n 1
|p p.v.
|w 000727174
|u 000010
|a 1
|e BOA001
|j MZK50
|s P
|